A little book of language / (Record no. 76397)

MARC details
000 -LEADER
fixed length control field 00535nam a22001937a 4500
005 - DATE AND TIME OF LATEST TRANSACTION
control field 20130617110254.0
010 ## - LCCN (DPL NO)
LC control number ENG-107491
020 ## - INTERNATIONAL STANDARD BOOK NUMBER
International Standard Book Number 9780300170825
Terms of availability 976.00
035 ## - SYSTEM CONTROL NUMBER
System control number EN-91024
037 ## - SOURCE OF ACQUISITION
Source of stock number/acquisition DBAD/PUB
082 ## - DEWEY DECIMAL CLASSIFICATION NUMBER
Classification number 400
100 ## - MAIN ENTRY--PERSONAL NAME
Personal name Crystal, David
245 ## - TITLE STATEMENT
Title A little book of language /
Statement of responsibility, etc by David Crystal
260 ## - PUBLICATION, DISTRIBUTION, ETC. (IMPRINT)
Place of publication, distribution, etc London
Name of publisher, distributor, etc Yale University Press
Date of publication, distribution, etc 2011
300 ## - PHYSICAL DESCRIPTION
Extent vii,260p.:
Dimensions 22cm(pbk)
Other physical details ill.
500 ## - GENERAL NOTE
General note Includes index
650 ## - SUBJECT ADDED ENTRY--TOPICAL TERM
Topical term or geographic name as entry element Language and languages.
942 ## - ADDED ENTRY ELEMENTS (KOHA)
Source of classification or shelving scheme Dewey Decimal Classification
Item type English Books
Call number suffix CRY
Classification part 400
Holdings
Withdrawn status Lost status Not for loan Collection code Home library Current library Date acquired Source of acquisition Cost, normal purchase price Full call number Barcode Copy number Cost, replacement price Koha item type
    Not For Loan Non-fiction D.B.Act.Division Patel Nagar 31/05/2013 DBAD/PUB 976.00 400 CRY EN-91024 1 976.00 English Books

© Delhi Public Library
Hit Counter
free hit counter